Japanese graded readers : (Record no. 18691)

MARC details
000 -LEADER
fixed length control field 00801nam a22002537a 4500
001 - CONTROL NUMBER
control field AUWbook033511
003 - CONTROL NUMBER IDENTIFIER
control field BDCtgAUW
005 - DATE AND TIME OF LATEST TRANSACTION
control field 20260513212726.0
008 - FIXED-LENGTH DATA ELEMENTS--GENERAL INFORMATION
fixed length control field 260507b ja ||||| |||| 00| 0 jpn d
020 ## - INTERNATIONAL STANDARD BOOK NUMBER
International Standard Book Number 9784872176421
040 ## - CATALOGING SOURCE
Original cataloging agency BDCtgAUW
Transcribing agency BDCtgAUW
Modifying agency BDCtgAUW
041 1# - LANGUAGE CODE
Language code of text/sound track or separate title Japanese
050 #0 - LIBRARY OF CONGRESS CALL NUMBER
Classification number PL539
Item number .A9 2007
100 1# - MAIN ENTRY--PERSONAL NAME
Personal name Awano, Makiko.
9 (RLIN) 91710
Relator term author
245 14 - TITLE STATEMENT
Title Japanese graded readers :
Remainder of title level 2, vol. 2, part 10 /
Statement of responsibility, etc. Makiko Awano.
260 ## - PUBLICATION, DISTRIBUTION, ETC.
Place of publication, distribution, etc. Japan :
Name of publisher, distributor, etc. Ask publishing,
Date of publication, distribution, etc. 2007.
300 ## - PHYSICAL DESCRIPTION
Extent 22 pages :
Other physical details illustrations ;
Dimensions 22cm.
362 0# - DATES OF PUBLICATION AND/OR SEQUENTIAL DESIGNATION
Dates of publication and/or sequential designation level 2, vol. 2, part 10.
490 1# - SERIES STATEMENT
Series statement Nihongo yomu yomu bunko.
650 #4 - SUBJECT ADDED ENTRY--TOPICAL TERM
Topical term or geographic name entry element Japanese language
General subdivision conversation and phrase books.
830 #0 - SERIES ADDED ENTRY--UNIFORM TITLE
Uniform title Nihongo yomu yomu bunko.
9 (RLIN) 91690
887 ## - NON-MARC INFORMATION FIELD
Source of data 8
Content of non-MARC field Papia Akter
888 ## -
-- 8
942 ## - ADDED ENTRY ELEMENTS (KOHA)
Source of classification or shelving scheme Library of Congress Classification
Koha item type Books
Suppress in OPAC No
Holdings
Withdrawn status Lost status Source of classification or shelving scheme Damaged status Not for loan Collection Home library Current library Shelving location Date acquired Source of acquisition Total Checkouts Full call number Barcode Date last seen Price effective from Koha item type
    Library of Congress Classification     Fiction Asian University for Women Library Asian University for Women Library Japanese Corner 14/04/2026 JKSK & Toshiba Foundation   PL539 .A9 2007 033511 07/05/2026 07/05/2026 Books